| 000 | 00505nam a2200169 a 4500 | ||
|---|---|---|---|
| 005 | 20140414132110.0 | ||
| 008 | 110513s19uu xx 00 eng d | ||
| 050 |
_aREF 551.46 _bB35 2000 |
||
| 100 | _aBerger, Melvin | ||
| 245 |
_aWhat makes an ocean wave? : _bquestions and answers about oceans and ocean life. |
||
| 260 |
_aNew York : _bScholastic, _c2000. |
||
| 440 | _aScholastic question and answer series | ||
| 650 | _aOceanography | ||
| 650 | _aMarine life | ||
| 650 | _aOcean | ||
| 999 |
_c114733 _d114733 |
||